Essentials of business environment: text cases and exercises (Record no. 211737)

MARC details
000 -LEADER
fixed length control field 00702nam a2200241Ia 4500
003 - CONTROL NUMBER IDENTIFIER
control field OSt
005 - DATE AND TIME OF LATEST TRANSACTION
control field 20220511101953.0
008 - FIXED-LENGTH DATA ELEMENTS--GENERAL INFORMATION
fixed length control field 210719s2021 xx 000 0 und d
020 ## - INTERNATIONAL STANDARD BOOK NUMBER
International Standard Book Number 978-93-5299-681-0
040 ## - CATALOGING SOURCE
Original cataloging agency AL
Transcribing agency
041 ## - LANGUAGE CODE
Language code of text/sound track or separate title eng
082 ## - DEWEY DECIMAL CLASSIFICATION NUMBER
Classification number 650 ASWE
100 ## - MAIN ENTRY--PERSONAL NAME
Personal name ASWATHAPPA (K)
9 (RLIN) 35902
245 ## - TITLE STATEMENT
Title Essentials of business environment: text cases and exercises
250 ## - EDITION STATEMENT
Edition statement 15 Rev.
260 ## - PUBLICATION, DISTRIBUTION, ETC.
Place of publication, distribution, etc. Mumbai
Name of publisher, distributor, etc. Himalaya Publishing House
Date of publication, distribution, etc. 2021
300 ## - PHYSICAL DESCRIPTION
Extent xix,778
Other physical details PB
365 ## - TRADE PRICE
Price amount 825
Currency code Rs
650 ## - SUBJECT ADDED ENTRY--TOPICAL TERM
Topical term or geographic name entry element Business Environment
9 (RLIN) 35903
650 ## - SUBJECT ADDED ENTRY--TOPICAL TERM
Topical term or geographic name entry element Management
9 (RLIN) 35904
906 ## - LOCAL DATA ELEMENT F, LDF (RLIN)
a 15 ; business ; cases ; Ed ; environment: ; Essentials ; exercises ; Rev ; text
942 ## - ADDED ENTRY ELEMENTS (KOHA)
Source of classification or shelving scheme Dewey Decimal Classification
Koha item type Book
Holdings
Withdrawn status Lost status Source of classification or shelving scheme Damaged status Not for loan Collection code Home library Current library Date acquired Source of acquisition Cost, normal purchase price Total Checkouts Full call number Barcode Date last seen Cost, replacement price Price effective from Koha item type
    Dewey Decimal Classification     Commerce St Aloysius Library St Aloysius Library 02/06/2021 Biblios Book Point, Surathkal-575014 | General Annual 825.00   650 ASWE 074551 07/19/2021 660.00 07/19/2021 Book